| 000 | 01553cam a2200433 a 4500 | ||
|---|---|---|---|
| 005 | 20170512120317.0 | ||
| 008 | 090505s2007 txua b 001 0 eng d | ||
| 020 | _a9781597180276 (set) | ||
| 020 | _a1597180270 (set) | ||
| 020 | _a9781597180245 (v. 1) | ||
| 020 | _a1597180246 (v.1) | ||
| 020 | _a9781597180252 (v. 2) | ||
| 020 | _a1597180254 (v. 2) | ||
| 020 | _a9781597180269 (v. 3) | ||
| 020 | _a1597180262 (v. 3) | ||
| 040 |
_aMYG _cMYG _dNLGGC _dMUQ _dCUY _dBTCTA _dYDXCP _dDLC _dCO-BoIAVH |
||
| 041 | 0 | _aeng | |
| 044 | _axxu | ||
| 082 | 0 | 0 |
_a005.55 _bS79a |
| 245 | 0 | 0 |
_aStata base reference manual : _brelease 10 |
| 246 | 3 | 0 | _aBase reference manual |
| 246 | 1 | 4 |
_aStata : _brelease 10 : reference |
| 246 | 3 |
_aReference : _brelease 10 |
|
| 246 | 1 | _aStata reference manual | |
| 250 | _aRelease 10. | ||
| 260 |
_aCollege Station, Tex. : _bStata Press, _cc2007. |
||
| 300 |
_a3 volúmenes : _bilustraciones. ; _c24 x 19 cm. |
||
| 504 | _aIncluye referencias bibliográficas e índices. | ||
| 505 | 0 | _av. 1. A-H -- v. 2. I-P -- v. 3. Q-Z. | |
| 630 | 0 | 4 | _aStata. |
| 630 | 0 | 4 |
_aStata (Software) _vGuías, manuales, etc. |
| 650 | 2 | 6 |
_aEstadísticas _xProgramas de ordenador |
| 650 | 2 | 6 |
_aEstadísticas _xMétodos de gráficación _xProgramas de ordenador |
| 650 | 2 | 6 |
_aCiencias sociales _xEstadística _xProgramas de ordenador |
| 650 | 2 | 6 |
_aEstadística _xPrograma de ordenador _vGuías, manuales, etc. |
| 650 | 2 | 6 | _aDatos |
| 710 | 2 | _aStata Corporation | |
| 942 |
_2ddc _cLIBRO |
||
| 999 |
_c19489 _d19489 |
||